000 00308nam a22001337a 4500
020 _a9789391211509
082 _a344.046
_bLEE
100 _aLEELAKRISHNAN , P
245 _aENVIRONMENTAL LAW IN INDIA
250 _a6
260 _aGURUGRAM
_bLEXIS NEXIS
_c2022
300 _aXLI , 373
942 _2ddc
_cBK
_04
999 _c23345
_d23345